Statistics for Empty World Map: fly between 20 World Capitals

Click here to take the quiz!

General Stats

  • This quiz has been taken 895 times
  • The average score is 9 of 20

Answer Stats

Capital City% Correct
Mexico City
96%
Ottawa
66%
Washington, DC
64%
Brasilia
61%
Reykjavik
59%
Cape Town
46%
Canberra
45%
Lisbon
45%
Wellington
45%
Rabat
42%
Jakarta
41%
Antananarivo
39%
Tokyo
38%
Beijing
37%
Ulaanbaatar
35%
Manila
34%
Taipei
34%
Astana
32%
Mogadishu
29%
Muscat
28%

Score Distribution

Percentile by Number Answered

Percent of People with Each Score

Your Score History

You have not taken this quiz